000
00292nam a22001337a 4500
008
180926b xxu||||| |||| 00| 0 eng d
020
_a
9780763746438
041
_a
eng
080
_a
610.73
100
_a
2
101
_a
INF
245
_a
Nurse as Educator
_c
Bastable, S.B
942
_2
udc
_c
BK
999
_c
48496
_d
48496